| 000 | 00457nam a2200157 a 4500 | ||
|---|---|---|---|
| 001 | 1096 | ||
| 005 | 20140414131900.0 | ||
| 008 | 041020s19uu xx 00 eng d | ||
| 050 |
_aFIL 959.904 6 _bMa11 1982 |
||
| 245 | _aManila portfolio. | ||
| 260 |
_aPhilippines : _bTourist research & planning, _c1982. |
||
| 300 | _a43 p. : ill. ; cm. | ||
| 650 | _aAdministration of Ferdinand Marcos, 1965-1985. | ||
| 650 |
_aTourism _xPhilippines. |
||
| 999 |
_c110607 _d110607 |
||